000 00992cas a2200205 4500
001 L157503
008 130104n2008 eng u
035 _a(Sirsi) u157503
041 0 _aeng
110 2 _aGerald Eve
_9151
245 0 0 _aPrime Logistics
_h[electronic resource]
362 0 _a2008-
490 0 _aPrime Logistics
520 _aProvides detailed analysis and statistics for 26 key distribution areas of 50 000 sq ft and above in the UK covering take-up, stock, development, supply and demand, rental growth forecasts and regional outlook. A full report is published every two years and is available to purchase. Summaries of full report and a quarterly updating bulletin are available to download free of charge.
651 4 _aUnited Kingdom
_y
690 _aCommercial property
_96227
690 _aInfrastructure
_96246
856 4 0 _uhttps://www.geraldeve.com/insight/prime-logistics.aspx
_zView the item free of charge from the www.geraldeve.com website.
942 _n0
999 _c119378
_d119378